[Event "DVM U20 2023"]
[Site "Magdeburg GER"]
[Date "2023.12.29"]
[Round "5"]
[White "Kosmehl, Konrad"]
[Black "Sabirov, Rafael"]
[Result "0-1"]
[Termination "normal"]
[Board "1.6"]
[WhiteElo "1193"]
[BlackElo "2119"]
[WhiteClock "00:01:17"]
[BlackClock "00:02:51"]
[WhiteTeam "SK Lehrte 1919"]
[BlackTeam "SG Porz"]
[PlyCount "80"]
[WhiteFideId "16283120"]
[BlackFideId "16241185"]
[EventCountry "GER"]
[EventRounds "7"]
[EventType "team-swiss"]
[EventDate "2023.12.26"]

1. d4 {[%clk 01:30:59]} {[%emt 00:02:20]} d5 {[%clk 01:30:55]} {[%emt
00:00:04]} 2. Bf4 {[%clk 01:31:26]} {[%emt 00:00:04]} Nf6 {[%clk 01:31:15]}
{[%emt 00:00:09]} 3. e3 {[%clk 01:31:52]} {[%emt 00:00:05]} c5 {[%clk
01:31:29]} {[%emt 00:00:15]} 4. c3 {[%emt 00:00:37]} e6 {[%clk 01:31:16]}
{[%emt 00:00:13]} 5. Nf3 {[%emt 00:01:39]} Nc6 {[%clk 01:29:04]} {[%emt
00:01:36]} 6. Nbd2 {[%clk 01:31:43]} cxd4 {[%clk 01:22:41]} {[%emt 00:07:51]}
7. exd4 {[%clk 01:28:49]} {[%emt 00:03:25]} Bd6 {[%clk 01:23:00]} {[%emt
00:00:10]} 8. Bg3 {[%clk 01:29:15]} {[%emt 00:00:05]} Qc7 {[%emt 00:05:03]} 9.
Bd3 {[%emt 00:03:05]} O-O {[%emt 00:04:32]} 10. Qe2 {[%emt 00:02:37]} Re8
{[%clk 01:14:22]} {[%emt 00:00:13]} 11. Ne5 {[%emt 00:06:40]} Bd7 {[%clk
01:08:07]} {[%emt 00:01:01]} 12. O-O {[%emt 00:02:09]} Rab8 {[%emt 00:09:05]}
13. Ndf3 {[%emt 00:04:53]} Rf8 {[%emt 00:13:56]} 14. Bh4 {[%clk 01:00:12]}
{[%emt 00:12:19]} Ne7 {[%clk 00:43:31]} {[%emt 00:09:28]} 15. g4 {[%clk
00:46:45]} {[%emt 00:13:57]} Ne8 {[%clk 00:34:42]} {[%emt 00:09:19]} 16. Rae1
{[%clk 00:22:59]} {[%emt 00:24:17]} b5 {[%clk 00:33:37]} {[%emt 00:01:34]} 17.
Nxd7 {[%clk 00:18:06]} {[%emt 00:05:24]} Qxd7 {[%clk 00:34:03]} {[%emt
00:00:04]} 18. Ne5 {[%clk 00:18:31]} {[%emt 00:00:05]} Qb7 {[%clk 00:27:25]}
{[%emt 00:07:09]} 19. Bxe7 {[%clk 00:09:57]} {[%emt 00:09:04]} Bxe7 {[%clk
00:23:55]} {[%emt 00:03:59]} 20. Qc2 {[%clk 00:09:52]} {[%emt 00:00:36]} g6
{[%clk 00:21:49]} {[%emt 00:02:36]} 21. Re3 {[%clk 00:08:34]} {[%emt 00:01:48]}
Bf6 {[%clk 00:19:36]} {[%emt 00:02:42]} 22. a4 {[%clk 00:03:20]} {[%emt
00:05:45]} a6 {[%clk 00:17:43]} {[%emt 00:02:23]} 23. a5 {[%clk 00:03:09]}
{[%emt 00:00:41]} Rc8 {[%clk 00:17:52]} {[%emt 00:00:19]} 24. b4 {[%clk
00:03:05]} {[%emt 00:00:37]} Qc7 {[%clk 00:17:17]} {[%emt 00:01:03]} 25. Be2
{[%clk 00:02:14]} {[%emt 00:01:22]} Nd6 {[%clk 00:17:13]} {[%emt 00:00:33]} 26.
f4 {[%clk 00:01:48]} {[%emt 00:00:57]} Bg7 {[%clk 00:13:16]} {[%emt 00:04:26]}
27. Rc1 {[%clk 00:01:21]} {[%emt 00:00:59]} Qe7 {[%clk 00:12:01]} {[%emt
00:01:44]} 28. g5 {[%clk 00:01:17]} {[%emt 00:00:35]} Nf5 {[%clk 00:12:02]}
{[%emt 00:00:28]} 29. Rf3 {[%clk 00:01:03]} {[%emt 00:00:44]} Nxd4 {[%clk
00:11:18]} {[%emt 00:01:14]} 30. Qd2 {[%clk 00:01:04]} {[%emt 00:00:30]} Nxf3+
{[%clk 00:11:05]} {[%emt 00:00:42]} 31. Bxf3 {[%clk 00:01:33]} {[%emt
00:00:02]} Qc7 {[%clk 00:10:19]} {[%emt 00:01:16]} 32. Qd4 {[%clk 00:00:40]}
{[%emt 00:01:22]} Bxe5 {[%clk 00:08:17]} {[%emt 00:02:32]} 33. fxe5 {[%clk
00:01:04]} {[%emt 00:00:07]} Qc4 {[%clk 00:08:31]} {[%emt 00:00:15]} 34. Qd2
{[%clk 00:00:34]} {[%emt 00:01:00]} Rc7 {[%clk 00:07:33]} {[%emt 00:01:29]} 35.
Bg2 {[%clk 00:00:45]} {[%emt 00:00:19]} d4 {[%clk 00:06:46]} {[%emt 00:01:16]}
36. Bf1 {[%clk 00:00:37]} {[%emt 00:00:40]} dxc3 {[%clk 00:07:01]} {[%emt
00:00:14]} 37. Qd6 {[%clk 00:00:44]} {[%emt 00:00:23]} Qg4+ {[%clk 00:05:12]}
{[%emt 00:02:19]} 38. Kh1 {[%clk 00:01:13]} {[%emt 00:00:02]} Qxg5 {[%clk
00:04:37]} {[%emt 00:01:05]} 39. Rc2 {[%clk 00:01:07]} {[%emt 00:00:37]} Qf4
{[%clk 00:02:31]} {[%emt 00:02:35]} 40. Qxc7 {[%clk 00:01:17]} {[%emt
00:00:19]} Qxf1# {[%clk 00:02:51]} {[%emt 00:00:10]} 0-1

[Event "DVM U20 2023"]
[Site "Magdeburg GER"]
[Date "2023.12.29"]
[Round "5"]
[White "Burian, Simon"]
[Black "Woelk, Tom-Frederic"]
[Result "1-0"]
[Termination "normal"]
[Board "2.1"]
[BlackTitle "FM"]
[WhiteElo "2154"]
[BlackElo "2377"]
[WhiteClock "00:13:38"]
[BlackClock "00:02:28"]
[WhiteTeam "SK König Plauen"]
[BlackTeam "Hamburger SK 1830"]
[PlyCount "73"]
[WhiteFideId "12956902"]
[BlackFideId "12993077"]
[EventCountry "GER"]
[EventRounds "7"]
[EventType "team-swiss"]
[EventDate "2023.12.26"]

1. e4 {[%clk 01:30:57]} {[%emt 00:00:02]} e5 {[%clk 01:30:47]} {[%emt
00:00:14]} 2. Nf3 {[%clk 01:31:16]} {[%emt 00:00:10]} Nc6 {[%clk 01:31:11]}
{[%emt 00:00:06]} 3. Bb5 {[%clk 01:31:30]} {[%emt 00:00:16]} a6 {[%clk
01:31:15]} {[%emt 00:00:26]} 4. Ba4 {[%clk 01:31:06]} {[%emt 00:00:55]} Nf6
{[%clk 01:30:22]} {[%emt 00:01:24]} 5. O-O {[%clk 01:30:59]} {[%emt 00:00:36]}
b5 {[%clk 01:30:46]} {[%emt 00:00:06]} 6. Bb3 {[%clk 01:31:25]} {[%emt
00:00:03]} Bc5 {[%clk 01:31:12]} {[%emt 00:00:04]} 7. d3 {[%clk 01:27:10]}
{[%emt 00:04:46]} h6 {[%clk 01:27:18]} {[%emt 00:04:24]} 8. c3 {[%clk
01:25:12]} {[%emt 00:02:29]} d6 {[%clk 01:24:49]} {[%emt 00:02:59]} 9. Re1
{[%clk 01:23:02]} {[%emt 00:02:39]} O-O {[%clk 01:25:00]} {[%emt 00:00:19]} 10.
h3 {[%clk 01:22:20]} {[%emt 00:01:12]} Re8 {[%clk 01:22:53]} {[%emt 00:02:37]}
11. Nbd2 {[%clk 01:18:24]} {[%emt 00:04:27]} Ba7 {[%clk 01:19:21]} {[%emt
00:04:02]} 12. Nf1 {[%clk 01:11:39]} {[%emt 00:07:14]} Be6 {[%clk 01:10:32]}
{[%emt 00:09:19]} 13. Bc2 {[%clk 01:09:22]} {[%emt 00:02:48]} d5 {[%clk
01:06:03]} {[%emt 00:04:59]} 14. a4 {[%clk 00:58:51]} {[%emt 00:11:00]} d4
{[%clk 01:02:23]} {[%emt 00:04:11]} 15. axb5 {[%clk 00:53:41]} {[%emt
00:05:40]} axb5 {[%clk 01:02:46]} {[%emt 00:00:06]} 16. Bd2 {[%clk 00:50:07]}
{[%emt 00:04:04]} Nd7 {[%clk 00:58:47]} {[%emt 00:04:29]} 17. g4 {[%clk
00:45:16]} {[%emt 00:05:21]} f6 {[%clk 00:40:13]} {[%emt 00:19:05]} 18. Kg2
{[%clk 00:39:43]} {[%emt 00:06:03]} Bb6 {[%clk 00:37:49]} {[%emt 00:02:54]} 19.
Rxa8 {[%clk 00:38:52]} {[%emt 00:01:21]} Qxa8 {[%clk 00:38:10]} {[%emt
00:00:08]} 20. Ng3 {[%clk 00:38:33]} {[%emt 00:00:49]} Qa2 {[%clk 00:38:28]}
{[%emt 00:00:13]} 21. Qc1 {[%clk 00:38:30]} {[%emt 00:00:32]} dxc3 {[%clk
00:24:18]} {[%emt 00:14:40]} 22. bxc3 {[%clk 00:38:22]} {[%emt 00:00:37]} Bc5
{[%clk 00:23:28]} {[%emt 00:01:21]} 23. Bb1 {[%clk 00:36:25]} {[%emt 00:02:27]}
Qa3 {[%clk 00:23:00]} {[%emt 00:00:58]} 24. Qxa3 {[%clk 00:36:19]} {[%emt
00:00:36]} Bxa3 {[%clk 00:23:24]} {[%emt 00:00:05]} 25. d4 {[%clk 00:36:44]}
{[%emt 00:00:05]} Bc4 {[%clk 00:20:45]} {[%emt 00:03:10]} 26. Nf5 {[%clk
00:34:02]} {[%emt 00:03:11]} Na5 {[%clk 00:18:54]} {[%emt 00:02:22]} 27. Bc2
{[%clk 00:30:53]} {[%emt 00:03:39]} exd4 {[%clk 00:12:47]} {[%emt 00:06:38]}
28. cxd4 {[%clk 00:29:57]} {[%emt 00:01:25]} b4 {[%clk 00:10:56]} {[%emt
00:02:21]} 29. Ne3 {[%clk 00:28:52]} {[%emt 00:01:34]} Bf7 {[%clk 00:09:38]}
{[%emt 00:01:49]} 30. Bc1 {[%clk 00:20:11]} {[%emt 00:09:10]} Ra8 {[%clk
00:05:17]} {[%emt 00:04:52]} 31. d5 {[%clk 00:13:54]} {[%emt 00:06:46]} c5
{[%clk 00:04:31]} {[%emt 00:01:16]} 32. Bxa3 {[%clk 00:13:12]} {[%emt
00:01:14]} bxa3 {[%clk 00:05:00]} {[%emt 00:00:02]} 33. Ra1 {[%clk 00:13:31]}
{[%emt 00:00:09]} Nb7 {[%clk 00:03:05]} {[%emt 00:02:25]} 34. Nc4 {[%clk
00:13:29]} {[%emt 00:00:32]} a2 {[%clk 00:03:34]} {[%emt 00:00:01]} 35. Bb3
{[%clk 00:13:33]} {[%emt 00:00:24]} Bg6 {[%clk 00:02:27]} {[%emt 00:01:37]} 36.
Nfd2 {[%clk 00:13:36]} {[%emt 00:00:28]} Re8 {[%clk 00:02:28]} {[%emt
00:00:29]} 37. f3 {[%clk 00:13:38]} {[%emt 00:00:28]} 1-0

[Event "DVM U20 2023"]
[Site "Magdeburg GER"]
[Date "2023.12.29"]
[Round "5"]
[White "Garner, Isaac"]
[Black "Melestean, Timur"]
[Result "1/2-1/2"]
[Termination "normal"]
[Board "2.2"]
[WhiteElo "2297"]
[BlackElo "1892"]
[WhiteClock "00:31:15"]
[BlackClock "00:59:22"]
[WhiteTeam "Hamburger SK 1830"]
[BlackTeam "SK König Plauen"]
[PlyCount "41"]
[WhiteFideId "16239261"]
[BlackFideId "16280385"]
[EventCountry "GER"]
[EventRounds "7"]
[EventType "team-swiss"]
[EventDate "2023.12.26"]

1. Nf3 {[%clk 01:30:57]} {[%emt 00:00:02]} d5 {[%clk 01:30:56]} {[%emt
00:00:05]} 2. e3 {[%clk 01:31:23]} {[%emt 00:00:04]} Nf6 {[%clk 01:31:19]}
{[%emt 00:00:07]} 3. c4 {[%clk 01:31:49]} {[%emt 00:00:05]} c6 {[%clk
01:31:39]} {[%emt 00:00:10]} 4. Nc3 {[%clk 01:32:14]} {[%emt 00:00:03]} a6
{[%clk 01:31:38]} {[%emt 00:00:32]} 5. h3 {[%clk 01:32:42]} {[%emt 00:00:04]}
b5 {[%clk 01:20:20]} {[%emt 00:11:47]} 6. b3 {[%clk 01:33:02]} {[%emt
00:00:10]} Bf5 {[%clk 01:20:03]} {[%emt 00:00:47]} 7. Bb2 {[%clk 01:25:18]}
{[%emt 00:08:15]} e6 {[%clk 01:16:33]} {[%emt 00:04:00]} 8. Nh4 {[%clk
01:21:00]} {[%emt 00:04:47]} Bg6 {[%clk 01:16:38]} {[%emt 00:00:24]} 9. Nxg6
{[%clk 01:18:34]} {[%emt 00:02:58]} hxg6 {[%clk 01:17:06]} {[%emt 00:00:02]}
10. d4 {[%clk 01:18:56]} {[%emt 00:00:07]} Nbd7 {[%clk 01:11:42]} {[%emt
00:05:53]} 11. Bd3 {[%clk 01:12:15]} {[%emt 00:07:12]} Be7 {[%clk 01:10:42]}
{[%emt 00:01:29]} 12. Qe2 {[%clk 01:04:21]} {[%emt 00:08:25]} Nb6 {[%clk
01:04:16]} {[%emt 00:06:55]} 13. O-O {[%clk 00:56:40]} {[%emt 00:08:12]} O-O
{[%clk 01:04:01]} {[%emt 00:00:45]} 14. c5 {[%clk 00:41:13]} {[%emt 00:15:57]}
Nbd7 {[%clk 01:04:04]} {[%emt 00:00:27]} 15. Nb1 {[%clk 00:40:51]} {[%emt
00:00:52]} Ne4 {[%clk 01:02:55]} {[%emt 00:01:39]} 16. Qg4 {[%clk 00:35:12]}
{[%emt 00:06:10]} Ndf6 {[%clk 00:59:03]} {[%emt 00:04:22]} 17. Qd1 {[%clk
00:35:31]} {[%emt 00:00:10]} Nd7 {[%clk 00:58:23]} {[%emt 00:01:10]} 18. Qg4
{[%clk 00:30:22]} {[%emt 00:05:40]} Ndf6 {[%clk 00:58:32]} {[%emt 00:00:20]}
19. Qd1 {[%clk 00:30:48]} {[%emt 00:00:04]} Nd7 {[%clk 00:58:57]} {[%emt
00:00:05]} 20. Qg4 {[%clk 00:31:15]} {[%emt 00:00:04]} Ndf6 {[%clk 00:59:22]}
{[%emt 00:00:05]} 21. Qd1 {[%emt 00:00:05]} 1/2-1/2

[Event "DVM U20 2023"]
[Site "Magdeburg GER"]
[Date "2023.12.29"]
[Round "5"]
[White "Elstner, Florian"]
[Black "Hommer, Jeremy"]
[Result "0-1"]
[Termination "normal"]
[Board "2.3"]
[BlackTitle "FM"]
[WhiteElo "1815"]
[BlackElo "2305"]
[WhiteClock "00:02:16"]
[BlackClock "00:33:15"]
[WhiteTeam "SK König Plauen"]
[BlackTeam "Hamburger SK 1830"]
[PlyCount "88"]
[WhiteFideId "16247264"]
[BlackFideId "12992577"]
[EventCountry "GER"]
[EventRounds "7"]
[EventType "team-swiss"]
[EventDate "2023.12.26"]

1. d4 {[%clk 01:30:57]} {[%emt 00:00:02]} Nf6 {[%clk 01:30:54]} {[%emt
00:00:07]} 2. c4 {[%clk 01:31:23]} {[%emt 00:00:04]} e6 {[%clk 01:31:19]}
{[%emt 00:00:05]} 3. Nc3 {[%clk 01:31:44]} {[%emt 00:00:08]} Bb4 {[%clk
01:31:43]} {[%emt 00:00:06]} 4. Qc2 {[%clk 01:32:10]} {[%emt 00:00:04]} b6
{[%clk 01:32:08]} {[%emt 00:00:06]} 5. e4 {[%clk 01:32:07]} {[%emt 00:00:33]}
c5 {[%clk 01:32:32]} {[%emt 00:00:06]} 6. dxc5 {[%clk 01:21:23]} {[%emt
00:11:14]} bxc5 {[%clk 01:31:04]} {[%emt 00:01:58]} 7. Bd2 {[%clk 01:19:22]}
{[%emt 00:02:31]} Nc6 {[%clk 01:30:01]} {[%emt 00:01:32]} 8. Nf3 {[%clk
01:16:57]} {[%emt 00:02:55]} d6 {[%clk 01:28:20]} {[%emt 00:02:11]} 9. Bd3
{[%clk 01:15:58]} {[%emt 00:01:29]} Bxc3 {[%clk 01:25:26]} {[%emt 00:03:24]}
10. Bxc3 {[%clk 01:15:24]} {[%emt 00:01:04]} e5 {[%clk 01:25:44]} {[%emt
00:00:12]} 11. O-O {[%clk 01:14:28]} {[%emt 00:01:26]} O-O {[%clk 01:21:20]}
{[%emt 00:04:54]} 12. Rab1 {[%clk 01:11:50]} {[%emt 00:03:07]} a5 {[%clk
01:20:28]} {[%emt 00:01:24]} 13. Qd2 {[%clk 01:09:23]} {[%emt 00:02:56]} Bb7
{[%clk 01:17:35]} {[%emt 00:03:24]} 14. Ne1 {[%clk 01:07:01]} {[%emt 00:02:51]}
Nb4 {[%clk 01:16:10]} {[%emt 00:01:56]} 15. f3 {[%clk 00:58:01]} {[%emt
00:09:29]} Nxa2 {[%clk 01:16:04]} {[%emt 00:00:38]} 16. Nc2 {[%clk 00:55:57]}
{[%emt 00:02:33]} Nb4 {[%clk 01:14:41]} {[%emt 00:01:52]} 17. Ra1 {[%clk
00:52:56]} {[%emt 00:03:30]} Nd7 {[%clk 01:08:17]} {[%emt 00:06:54]} 18. Rfd1
{[%clk 00:41:27]} {[%emt 00:11:59]} Qb6 {[%clk 01:04:33]} {[%emt 00:04:16]} 19.
Be2 {[%clk 00:36:46]} {[%emt 00:05:09]} Rfd8 {[%clk 01:03:42]} {[%emt
00:01:23]} 20. Na3 {[%clk 00:29:51]} {[%emt 00:07:25]} Nf6 {[%clk 00:54:35]}
{[%emt 00:09:35]} 21. Nb5 {[%clk 00:25:53]} {[%emt 00:04:29]} Ne8 {[%clk
00:55:01]} {[%emt 00:00:04]} 22. Kh1 {[%clk 00:25:09]} {[%emt 00:01:13]} Bc6
{[%clk 00:52:08]} {[%emt 00:03:23]} 23. Na3 {[%clk 00:21:23]} {[%emt 00:04:17]}
Nc7 {[%clk 00:52:24]} {[%emt 00:00:14]} 24. f4 {[%clk 00:19:38]} {[%emt
00:02:14]} Ne6 {[%clk 00:46:26]} {[%emt 00:06:27]} 25. f5 {[%clk 00:18:28]}
{[%emt 00:01:43]} Nd4 {[%clk 00:46:49]} {[%emt 00:00:07]} 26. Bf3 {[%clk
00:16:18]} {[%emt 00:02:39]} f6 {[%clk 00:46:34]} {[%emt 00:00:45]} 27. Qf2
{[%clk 00:14:52]} {[%emt 00:01:55]} Kf7 {[%clk 00:46:40]} {[%emt 00:00:24]} 28.
h4 {[%clk 00:14:47]} {[%emt 00:00:36]} Qb7 {[%clk 00:45:24]} {[%emt 00:01:46]}
29. Re1 {[%clk 00:14:26]} {[%emt 00:00:50]} Nd3 {[%clk 00:44:16]} {[%emt
00:01:38]} 30. Qe3 {[%clk 00:14:14]} {[%emt 00:00:42]} Nxe1 {[%clk 00:44:24]}
{[%emt 00:00:22]} 31. Rxe1 {[%clk 00:14:30]} {[%emt 00:00:14]} Rg8 {[%clk
00:43:31]} {[%emt 00:01:21]} 32. h5 {[%clk 00:13:20]} {[%emt 00:01:42]} g6
{[%clk 00:39:43]} {[%emt 00:04:18]} 33. Bxd4 {[%clk 00:10:26]} {[%emt
00:03:24]} cxd4 {[%clk 00:39:44]} {[%emt 00:00:29]} 34. Qh6 {[%clk 00:10:11]}
{[%emt 00:00:45]} Ke8 {[%clk 00:37:00]} {[%emt 00:03:14]} 35. fxg6 {[%clk
00:08:14]} {[%emt 00:02:28]} hxg6 {[%clk 00:36:58]} {[%emt 00:00:31]} 36. hxg6
{[%clk 00:07:58]} {[%emt 00:00:46]} Qg7 {[%clk 00:37:15]} {[%emt 00:00:13]} 37.
Qh3 {[%clk 00:07:51]} {[%emt 00:00:37]} Bd7 {[%clk 00:36:00]} {[%emt 00:01:46]}
38. Qg3 {[%clk 00:05:55]} {[%emt 00:02:26]} Ke7 {[%clk 00:35:49]} {[%emt
00:00:40]} 39. Qf2 {[%clk 00:03:48]} {[%emt 00:02:37]} Qxg6 {[%clk 00:35:40]}
{[%emt 00:00:41]} 40. Qc2 {[%clk 00:02:50]} {[%emt 00:01:27]} Qg3 {[%clk
00:33:51]} {[%emt 00:02:19]} 41. Rc1 {[%clk 00:02:57]} {[%emt 00:00:23]} Rg5
{[%clk 00:33:30]} {[%emt 00:00:51]} 42. c5 {[%clk 00:01:48]} {[%emt 00:01:40]}
Rh8+ {[%clk 00:33:55]} {[%emt 00:00:04]} 43. Kg1 {[%clk 00:02:07]} {[%emt
00:00:12]} Qxf3 {[%clk 00:34:06]} {[%emt 00:00:19]} 44. cxd6+ {[%clk 00:02:16]}
{[%emt 00:00:21]} Ke8 {[%clk 00:33:15]} {[%emt 00:01:22]} 0-1

[Event "DVM U20 2023"]
[Site "Magdeburg GER"]
[Date "2023.12.29"]
[Round "5"]
[White "Weihrauch, Jakob"]
[Black "Melitzki, Richard"]
[Result "1-0"]
[Termination "normal"]
[Board "2.4"]
[WhiteTitle "FM"]
[WhiteElo "2257"]
[BlackElo "1819"]
[WhiteClock "00:29:19"]
[BlackClock "00:58:43"]
[WhiteTeam "Hamburger SK 1830"]
[BlackTeam "SK König Plauen"]
[PlyCount "87"]
[WhiteFideId "16210115"]
[BlackFideId "16223420"]
[EventCountry "GER"]
[EventRounds "7"]
[EventType "team-swiss"]
[EventDate "2023.12.26"]

1. e4 {[%clk 01:30:57]} {[%emt 00:00:03]} c5 {[%clk 01:30:55]} {[%emt
00:00:04]} 2. Nf3 {[%clk 01:31:24]} {[%emt 00:00:04]} e6 {[%clk 01:31:19]}
{[%emt 00:00:06]} 3. d4 {[%clk 01:31:49]} {[%emt 00:00:06]} cxd4 {[%clk
01:31:44]} {[%emt 00:00:05]} 4. Nxd4 {[%clk 01:32:16]} {[%emt 00:00:02]} Nc6
{[%clk 01:32:08]} {[%emt 00:00:06]} 5. Nc3 {[%clk 01:32:42]} {[%emt 00:00:03]}
Qc7 {[%clk 01:32:33]} {[%emt 00:00:05]} 6. g3 {[%clk 01:33:05]} {[%emt
00:00:08]} a6 {[%clk 01:31:43]} {[%emt 00:01:19]} 7. Bg2 {[%clk 01:33:11]}
{[%emt 00:00:24]} Nf6 {[%clk 01:31:59]} {[%emt 00:00:14]} 8. O-O {[%clk
01:33:32]} {[%emt 00:00:10]} Nxd4 {[%clk 01:31:19]} {[%emt 00:01:09]} 9. Qxd4
{[%clk 01:33:55]} {[%emt 00:00:07]} Bc5 {[%clk 01:31:41]} {[%emt 00:00:09]} 10.
Bf4 {[%clk 01:34:05]} {[%emt 00:00:19]} d6 {[%clk 01:31:45]} {[%emt 00:00:26]}
11. Qd2 {[%clk 01:34:31]} {[%emt 00:00:05]} h6 {[%clk 01:31:56]} {[%emt
00:00:19]} 12. Rad1 {[%clk 01:34:25]} {[%emt 00:00:36]} e5 {[%clk 01:32:06]}
{[%emt 00:00:20]} 13. Be3 {[%clk 01:34:54]} {[%emt 00:00:01]} Bb4 {[%clk
01:32:11]} {[%emt 00:00:25]} 14. Nb5 {[%clk 01:34:55]} {[%emt 00:00:28]} axb5
{[%clk 01:31:16]} {[%emt 00:01:25]} 15. Qxb4 {[%clk 01:35:24]} {[%emt
00:00:01]} Rxa2 {[%clk 01:29:52]} {[%emt 00:01:54]} 16. Rxd6 {[%clk 01:33:27]}
{[%emt 00:02:28]} O-O {[%clk 01:29:27]} {[%emt 00:00:55]} 17. Rd2 {[%clk
01:00:02]} {[%emt 00:33:54]} Be6 {[%clk 01:23:36]} {[%emt 00:06:21]} 18. Bc5
{[%clk 00:55:29]} {[%emt 00:05:03]} Rfa8 {[%clk 00:59:08]} {[%emt 00:24:57]}
19. Bd6 {[%clk 00:45:42]} {[%emt 00:10:17]} Qc6 {[%clk 00:54:46]} {[%emt
00:04:53]} 20. Bxe5 {[%clk 00:33:36]} {[%emt 00:12:35]} Bc4 {[%clk 00:54:20]}
{[%emt 00:00:56]} 21. Rfd1 {[%clk 00:27:15]} {[%emt 00:06:52]} Qe6 {[%clk
00:40:59]} {[%emt 00:13:51]} 22. Qd6 {[%clk 00:25:35]} {[%emt 00:02:09]} Qxd6
{[%clk 00:40:11]} {[%emt 00:01:19]} 23. Rxd6 {[%clk 00:25:54]} {[%emt
00:00:10]} Ng4 {[%clk 00:40:31]} {[%emt 00:00:11]} 24. Bc3 {[%clk 00:21:08]}
{[%emt 00:05:15]} Be2 {[%clk 00:39:21]} {[%emt 00:01:39]} 25. Re1 {[%clk
00:21:22]} {[%emt 00:00:18]} Ra1 {[%clk 00:39:12]} {[%emt 00:00:38]} 26. Rd8+
{[%clk 00:21:43]} {[%emt 00:00:09]} Rxd8 {[%clk 00:37:45]} {[%emt 00:01:56]}
27. Rxa1 {[%clk 00:22:13]} {[%emt 00:00:01]} Rd1+ {[%clk 00:37:18]} {[%emt
00:00:57]} 28. Rxd1 {[%clk 00:22:37]} {[%emt 00:00:05]} Bxd1 {[%clk 00:37:44]}
{[%emt 00:00:05]} 29. h3 {[%clk 00:20:20]} {[%emt 00:02:48]} Nf6 {[%clk
00:37:57]} {[%emt 00:00:16]} 30. e5 {[%clk 00:18:51]} {[%emt 00:01:58]} Nh7
{[%clk 00:37:35]} {[%emt 00:00:52]} 31. Bxb7 {[%clk 00:18:29]} {[%emt
00:00:53]} Bxc2 {[%clk 00:37:09]} {[%emt 00:00:56]} 32. f4 {[%emt 00:04:01]} g5
{[%clk 00:34:12]} {[%emt 00:00:57]} 33. Kf2 gxf4 {[%clk 00:34:16]} 34. gxf4
{[%clk 00:18:03]} {[%emt 00:00:01]} Bf5 {[%clk 00:34:33]} {[%emt 00:00:14]} 35.
h4 {[%clk 00:16:36]} {[%emt 00:01:57]} Nf8 {[%clk 00:34:17]} {[%emt 00:00:45]}
36. Bc6 {[%clk 00:16:56]} {[%emt 00:00:11]} Ng6 {[%clk 00:33:09]} {[%emt
00:01:37]} 37. Kg3 {[%clk 00:16:59]} {[%emt 00:00:28]} Bd3 {[%clk 00:33:20]}
{[%emt 00:00:19]} 38. Bb4 {[%clk 00:17:04]} {[%emt 00:00:26]} Nf8 {[%clk
00:31:34]} {[%emt 00:02:14]} 39. Kf3 {[%clk 00:07:30]} {[%emt 00:10:05]} Ng6
{[%clk 00:29:12]} {[%emt 00:02:51]} 40. Ke3 {[%clk 00:07:18]} {[%emt 00:00:42]}
Bc4 {[%clk 00:29:25]} {[%emt 00:00:18]} 41. Be4 {[%clk 00:00:57]} {[%emt
00:06:51]} Kg7 {[%clk 00:28:09]} {[%emt 00:01:45]} 42. h5 {[%clk 00:29:46]}
{[%emt 00:01:41]} Nf8 {[%clk 00:58:17]} {[%emt 00:00:22]} 43. Bxf8+ {[%clk
00:28:55]} {[%emt 00:01:22]} Kxf8 {[%clk 00:58:43]} {[%emt 00:00:05]} 44. Bd3
{[%clk 00:29:19]} {[%emt 00:00:06]} 1-0